Grease! (Record no. 1885)
[ view plain ]
| 000 -LEADER | |
|---|---|
| fixed length control field | 03028cjm a2200637 a 4500 |
| 001 - CONTROL NUMBER | |
| control field | data |
| 005 - DATE AND TIME OF LATEST TRANSACTION | |
| control field | 20260322212123.0 |
| 007 - PHYSICAL DESCRIPTION FIXED FIELD--GENERAL INFORMATION | |
| fixed length control field | data |
| 008 - FIXED-LENGTH DATA ELEMENTS--GENERAL INFORMATION | |
| fixed length control field | data |
| 035 ## - SYSTEM CONTROL NUMBER | |
| System control number | 19254863 |
| 010 ## - LIBRARY OF CONGRESS CONTROL NUMBER | |
| LC control number | 2016625457 |
| 024 1# - OTHER STANDARD IDENTIFIER | |
| Standard number or code | 090266270323 |
| 024 1# - OTHER STANDARD IDENTIFIER | |
| Standard number or code | 9026627032 |
| 028 02 - PUBLISHER OR DISTRIBUTOR NUMBER | |
| Publisher or distributor number | 09026-62703-2 |
| Source | RCA Victor |
| 033 00 - DATE/TIME AND PLACE OF AN EVENT | |
| Formatted date/time | 19940425 |
| Geographic classification area code | 3804 |
| Geographic classification subarea code | N4 |
| 035 ## - SYSTEM CONTROL NUMBER | |
| System control number | (OCoLC)31123572 |
| 040 ## - CATALOGING SOURCE | |
| Original cataloging agency | SGK |
| Language of cataloging | eng |
| Transcribing agency | SGK |
| Modifying agency | DLC |
| -- | BTCTA |
| -- | OCLCG |
| -- | CPL |
| -- | FHP |
| -- | NYP |
| -- | OCLCQ |
| -- | BNO |
| -- | OCLCA |
| -- | OCLCQ |
| -- | OCLCA |
| -- | OCLCF |
| -- | OCLCO |
| -- | OCLCA |
| -- | DLC |
| 041 0# - LANGUAGE CODE | |
| Language code of sung or spoken text | eng |
| Language code of accompanying material other than librettos and transcripts | eng |
| 042 ## - AUTHENTICATION CODE | |
| Authentication code | lccopycat |
| 047 ## - FORM OF MUSICAL COMPOSITION CODE | |
| Form of musical composition code | rc |
| -- | rc |
| 050 00 - LIBRARY OF CONGRESS CALL NUMBER | |
| Classification number | SDC 71301 |
| 082 04 - DEWEY DECIMAL CLASSIFICATION NUMBER | |
| Classification number | 791.43 |
| 100 1# - MAIN ENTRY--PERSONAL NAME | |
| Personal name | Casey, Warren. |
| 245 10 - TITLE STATEMENT | |
| Title | Grease! |
| Medium | [sound recording] : |
| Remainder of title | the new Broadway cast recording / |
| Statement of responsibility, etc. | book, music & lyrics by Jim Jacobs and Warren Casey. |
| 260 ## - PUBLICATION, DISTRIBUTION, ETC. | |
| Place of publication, distribution, etc. | New York, NY : |
| Name of publisher, distributor, etc. | Manufactured and distributed by BMG Music, |
| -- | Manufactured and distributed by BMG Music, |
| Date of publication, distribution, etc. | p1994. |
| 300 ## - PHYSICAL DESCRIPTION | |
| Extent | 1 sound disc (59 min., 27 sec.) : |
| Other physical details | digital, stereo. ; |
| Dimensions | 4 3/4 in. |
| 306 ## - PLAYING TIME | |
| Playing time | 005927 |
| 336 ## - CONTENT TYPE | |
| Content type term | performed music |
| Content type code | prm |
| Source | rdacontent |
| 337 ## - MEDIA TYPE | |
| Media type term | audio |
| Media type code | s |
| Source | rdamedia |
| 338 ## - CARRIER TYPE | |
| Carrier type term | audio disc |
| Carrier type code | sd |
| Source | rdacarrier |
| 500 ## - GENERAL NOTE | |
| General note | Rock musical. |
| 500 ## - GENERAL NOTE | |
| General note | Compact disc. |
| 500 ## - GENERAL NOTE | |
| General note | Program notes and synopsis by Robert Sandla (13 p. : col. ill.) inserted in container. |
| 505 00 - FORMATTED CONTENTS NOTE | |
| Title | Look at me, I'm Sandra Dee (reprise) -- |
| -- | We go together -- |
| -- | Summer nights -- |
| -- | Those magic changes -- |
| -- | Freddy, my love -- |
| -- | Greased lightnin' -- |
| -- | Greased lightnin' (reprise) -- |
| -- | Rydell fight song -- |
| -- | Mooning -- |
| -- | Look at me, I'm Sandra Dee -- |
| -- | Since I don't have you / |
| Statement of responsibility | music & lyrics by Joseph Rock, James Beaumont, and the Skyliners -- |
| Title | We go together (reprise) -- |
| -- | Shakin' at the high school hop -- |
| -- | It's raining on prom night -- |
| -- | Born to hand jive -- |
| -- | Beauty school dropout -- |
| -- | Alone at a drive-in movie -- |
| -- | Rock 'n' roll party queen -- |
| -- | There are worse things I could do -- |
| -- | Look at me, I'm Sandra Dee (reprise) -- |
| Miscellaneous information | Finale. |
| 508 ## - CREATION/PRODUCTION CREDITS NOTE | |
| Creation/production credits note | Produced for records by Steve Vining. |
| 511 0# - PARTICIPANT OR PERFORMER NOTE | |
| Participant or performer note | Ricky Paull Goldin, Susan Wood, Sam Harris, Marcia Lewis, Billy Porter, and Rosie O'Donnell ; with supporting singers ; John McDaniel, musical director. |
| 518 ## - DATE/TIME AND PLACE OF AN EVENT NOTE | |
| Date/time and place of an event note | Recorded Apr. 25, 1994, at Clinton Studios, New York City. |
| 650 #0 - SUBJECT ADDED ENTRY--TOPICAL TERM | |
| Topical term or geographic name entry element | Musicals. |
| 650 #0 - SUBJECT ADDED ENTRY--TOPICAL TERM | |
| Topical term or geographic name entry element | Rock music. |
| 650 #7 - SUBJECT ADDED ENTRY--TOPICAL TERM | |
| Topical term or geographic name entry element | Musicals. |
| Source of heading or term | fast |
| Authority record control number or standard number | (OCoLC)fst01030814 |
| 650 #7 - SUBJECT ADDED ENTRY--TOPICAL TERM | |
| Topical term or geographic name entry element | Rock music. |
| Source of heading or term | fast |
| Authority record control number or standard number | (OCoLC)fst01099204 |
| 655 #7 - INDEX TERM--GENRE/FORM | |
| Genre/form data or focus term | Musicals. |
| Source of term | lcgft |
| 655 #7 - INDEX TERM--GENRE/FORM | |
| Genre/form data or focus term | Musicals. |
| Source of term | fast |
| Authority record control number or standard number | (OCoLC)fst01726680 |
| 700 1# - ADDED ENTRY--PERSONAL NAME | |
| Personal name | Jacobs, Jim. |
| Relationship | lyr |
| -- | lyr |
| 700 1# - ADDED ENTRY--PERSONAL NAME | |
| Personal name | Goldin, Ricky Paull. |
| Relationship | prf |
| 700 1# - ADDED ENTRY--PERSONAL NAME | |
| Personal name | Wood, Susan |
| Titles and other words associated with a name | (Soprano) |
| Relationship | prf |
| 700 1# - ADDED ENTRY--PERSONAL NAME | |
| Personal name | Harris, Sam, |
| Dates associated with a name | 1961- |
| Relationship | prf |
| 700 1# - ADDED ENTRY--PERSONAL NAME | |
| Personal name | Lewis, Marcia, |
| Dates associated with a name | 1938-2010. |
| Relationship | prf |
| 700 1# - ADDED ENTRY--PERSONAL NAME | |
| Personal name | Porter, Billy. |
| Relationship | prf |
| 700 1# - ADDED ENTRY--PERSONAL NAME | |
| Personal name | O'Donnell, Rosie. |
| Relationship | prf |
| 700 1# - ADDED ENTRY--PERSONAL NAME | |
| Personal name | McDaniel, John. |
| Relationship | cnd |
| 906 ## - LOCAL DATA ELEMENT F, LDF (RLIN) | |
| a | 7 |
| b | cbc |
| c | copycat |
| d | 2 |
| e | ncip |
| f | 20 |
| g | y-soundrec |
| 925 0# - | |
| -- | acquire |
| -- | 2 shelf copies |
| -- | policy default |
| Withdrawn status | Lost status | Damaged status | Not for loan | Home library | Current library | Shelving location | Date acquired | Total checkouts | Full call number | Barcode | Date last seen | Price effective from | Koha item type |
|---|---|---|---|---|---|---|---|---|---|---|---|---|---|
| Troy | Troy | General stacks | 22/03/2026 | 791.43 | LOC-TPL-00017 | 22/03/2026 | 22/03/2026 | Books |